The handbook of development communication and social change. / (Record no. 5577)

MARC details
000 -LEADER
fixed length control field 03682cam a2200397 i 4500
001 - CONTROL NUMBER
control field 18421666
003 - CONTROL NUMBER IDENTIFIER
control field OSt
005 - DATE AND TIME OF LATEST TRANSACTION
control field 20210414114449.0
008 - FIXED-LENGTH DATA ELEMENTS--GENERAL INFORMATION
fixed length control field 141230s2014 enka b 001 0 eng c
010 ## - LIBRARY OF CONGRESS CONTROL NUMBER
LC control number 2014497098
015 ## - NATIONAL BIBLIOGRAPHY NUMBER
National bibliography number GBB347343
Source bnb
016 7# - NATIONAL BIBLIOGRAPHIC AGENCY CONTROL NUMBER
Record control number 016385412
Source Uk
020 ## - INTERNATIONAL STANDARD BOOK NUMBER
International Standard Book Number 9781118505311 (hbk.)
035 ## - SYSTEM CONTROL NUMBER
System control number (OCoLC)ocn843810072
040 ## - CATALOGING SOURCE
Original cataloging agency UKMGB
Language of cataloging eng
Transcribing agency UKMGB
Description conventions rda
Modifying agency OCLCO
-- YDXCP
-- BTCTA
-- OCLCF
-- PUL
-- OCLCO
-- CHVBK
-- ORU
-- CDX
-- BDX
-- CUD
-- OCLCQ
-- OCLCO
-- Z5F
-- DLC
042 ## - AUTHENTICATION CODE
Authentication code pcc
050 00 - LIBRARY OF CONGRESS CALL NUMBER
Classification number HM1206.H363
082 00 - DEWEY DECIMAL CLASSIFICATION NUMBER
Classification number 302.23
Edition number 23
245 04 - TITLE STATEMENT
Title The handbook of development communication and social change. /
Statement of responsibility, etc. edited by Karin Gwinn Wilkins.
260 ## - PUBLICATION, DISTRIBUTION, ETC.
Place of publication, distribution, etc. U.S.A:
Name of publisher, distributor, etc. Wiley Blackwell,
Date of publication, distribution, etc. 2014.
300 ## - PHYSICAL DESCRIPTION
Extent xii, 512p. :
Other physical details ill. ;
Dimensions 25cm.
490 1# - SERIES STATEMENT
Series statement Global handbooks in media and communication research
500 ## - GENERAL NOTE
General note Includes bibliographical references and index.
505 0# - FORMATTED CONTENTS NOTE
Formatted contents note Contents: Communicating development and social change: Development communication and social change in historical context -- Globalization and development -- Political economy of development -- Advocacy communication -- Equality and human rights -- Public health -- Indigenous communication: From multiculturalism to interculturality -- Communication, development, and the natural environment Emerging issues in communicating development and social change -- Developing strategic communication for social change: The strategic politics of participatory communication -- Rethinking entertainment-education for development and social change -- Storytelling for social change -- Theater for development -- Media development -- Economics and communication for development and social change -- Peace communication for social change: Dealing with violent conflict -- Social and behavior change communication -- A participatory framework for researching and evaluating communication for development and social change -- Emerging issues in strategic communication for development and social change -- Activist approaches for development and social change: Social movement media in the process of constructive social change -- Transnational civil society and social movements -- Communication for transparency and social accountability -- Citizen's journalism: Shifting public spheres from elites to citizens -- Community radio -- Youth-generated media -- Video for change -- Emerging issues in activism and social change communication.
520 ## - SUMMARY, ETC.
Summary, etc. "This Handbook of Development Communication and Social Change offers a valuable resource for advocates, scholars, and communities engaged in long-term and comprehensive struggles for social justice ... This book fills a critical niche by offering a comprehensive framework in a growing area of research and action, as social movements and organizations make strategic use of communication technologies and processes in a complex world of dominant global industries and oppressive political regimes ... This work integrates the interests of many of the International Association for Media and Communication Research (IAMCR) sections, including that of participatory communication, health communication, community communication, communication policy and technology, gender and communication, political communication, and political economy"--Introduction.
650 #0 - SUBJECT ADDED ENTRY--TOPICAL TERM
Topical term or geographic name entry element Mass media
General subdivision Social aspects.
650 #0 - SUBJECT ADDED ENTRY--TOPICAL TERM
Topical term or geographic name entry element Communication
General subdivision Social aspects.
650 #0 - SUBJECT ADDED ENTRY--TOPICAL TERM
Topical term or geographic name entry element Communication in social action.
650 #0 - SUBJECT ADDED ENTRY--TOPICAL TERM
Topical term or geographic name entry element Social change.
700 1# - ADDED ENTRY--PERSONAL NAME
Personal name ,
700 1# - ADDED ENTRY--PERSONAL NAME
Personal name Tufte, Thomas,
700 1# - ADDED ENTRY--PERSONAL NAME
Personal name Obregon, Rafael,
830 #0 - SERIES ADDED ENTRY--UNIFORM TITLE
Uniform title Global handbooks in media and communication research.
942 ## - ADDED ENTRY ELEMENTS (KOHA)
Source of classification or shelving scheme Library of Congress Classification
Koha item type Books
Holdings
Withdrawn status Lost status Source of classification or shelving scheme Damaged status Not for loan Home library Current library Shelving location Date acquired Total Checkouts Full call number Barcode Date last seen Price effective from Koha item type
    Library of Congress Classification     WISCONSIN INTERNATIONAL UNIVERSITY COLLEGE, GHANA - MAIN LIBRARY WISCONSIN INTERNATIONAL UNIVERSITY COLLEGE, GHANA - MAIN LIBRARY Reference 29/06/2015   HM1206.H363 7883/310/15 29/06/2015 29/06/2015 Books

If you have any concerns or questions; kindly contact the library


© Powered by WIUC ICT DIRECTORATE